Normal view
MARC view
Entry Topical Term
001 - CONTROL NUMBER
- control field: 54965
003 - CONTROL NUMBER IDENTIFIER
- control field: OSt
005 - DATE AND TIME OF LATEST TRANSACTION
- control field: 20241009134308.0
008 - FIXED-LENGTH DATA ELEMENTS
- fixed length control field: 241009|| aca||aabn | a|a d
040 ## - CATALOGING SOURCE
- Original cataloging agency: OSt
- Transcribing agency: OSt
150 ## - HEADING--TOPICAL TERM
- Topical term or geographic name entry element: ဗုဒ္ဓဘာသာ
- General subdivision: နတ်ကိုးကွယ်မှု
- Form subdivision: သမိုင်း
670 ## - SOURCE DATA FOUND
- Source citation: Work cat.: (OSt): စိန်ဝင်း၊ ဦး၊ ဥတ္တရဘုမ္မာ 54964, နတ် (၃၇) ပါးပသနည်းနှင့် တောင်ပြုံးပွဲ ရတနာ့ဂူပွဲ နတ်သမိုင်း /, ၁၉၉၃။